Optické vláknové senzory /

Salvato in:
Dettagli Bibliografici
Autori principali: Turán, Ján (Autore), Petrík, Stanislav (Autore)
Natura: Libro
Lingua:slovacco
Pubblicazione: Bratislava : Alfa, 1991
Edizione:1. vydanie
Soggetti:
Tags: Aggiungi Tag
Nessun Tag, puoi essere il primo ad aggiungerne!!

MARC

LEADER 00000nam a22000003a 4500
001 stu2
005 20240802123239.0
008 910123s1991----cs------------------slo-d
020 |a 80-05-00655-1 
040 |a STU  |b slo 
041 0 |a slo 
044 |a cs 
080 |a 681.586.73 
100 1 |a Turán, Ján  |4 aut 
245 1 |a Optické vláknové senzory /  |c [aut.] Turán,Ján; Petrík,Stanislav 
250 |a 1. vydanie 
260 |a Bratislava :  |b Alfa,  |c 1991 
300 |a 250 s 
650 7 |a Senzory optické vláknové  |2 stusub 
700 1 |a Petrík, Stanislav  |4 aut 
996 |b 284J016261  |c J*86489  |l JJSK  |s A  |a 24  |w stu2_0001 
996 |b E76228  |c E*76228  |l EE05  |s P  |a 0  |w stu2_0003